[Event "Manitoba-ch U20"]
[Site "Winnipeg"]
[Date "2012.11.04"]
[Round "2.5"]
[White "Baron, Cody"]
[Black "Wolchock, Theo"]
[Result "0-1"]
[WhiteElo "1826"]
[BlackElo "1689"]
[PlyCount "59"]
[EventDate "2012.11.05"]
[EventType "tourn"]
[EventRounds "5"]
[EventCountry "CAN"]
[SourceTitle "EXT 2022"]
[Source "ChessBase"]
[SourceDate "2021.10.06"]
[SourceVersion "1"]
[SourceVersionDate "2021.10.06"]
[SourceQuality "1"]

1. e4 d5 2. exd5 c6 3. dxc6 Nxc6 4. Nf3 Bg4 5. Bc4 Nf6 6. Nc3 e6 7. h3 Bxf3 8. Qxf3 Bc5 9. d3 h6 10. Bf4 0-0 11. 0-0 Qd7 12. Bxh6 Nd4 13. Qg3 Nf5 14. Qg5 Be7 15. Bxg7 Nxg7 16. Qh6 Rac8 17. Rfe1 Rc5 18. g4 Qd4 19. g5 Nf5 20. gxf6 Nxh6 21. fxe7 Re8 22. Re4 Qg7+ 23. Kf1 Rf5 24. Ke2 Qg2 25. Rf1 Qxh3 26. Rg1+ Kh8 27. Rg3 Qh2 28. Nd1 Qh5+ 29. Ke1 Rg5 30. d4 0-1

[Event "Winnipeg Boxer Memorial"]
[Site "Winnipeg"]
[Date "2012.10.21"]
[Round "4"]
[White "Melamedoff, Gustavo"]
[Black "Baron, Cody"]
[Result "1-0"]
[WhiteElo "2097"]
[BlackElo "1746"]
[PlyCount "45"]
[EventDate "2012.10.20"]
[EventType "swiss"]
[EventRounds "5"]
[EventCountry "CAN"]
[SourceTitle "EXT 2022"]
[Source "ChessBase"]
[SourceDate "2021.10.06"]
[SourceVersion "1"]
[SourceVersionDate "2021.10.06"]
[SourceQuality "1"]

1. e4 e6 2. d4 d5 3. Nc3 Bb4 4. e5 Qd7 5. a3 Bf8 6. f4 b6 7. Nf3 Bb7 8. Be3 Nc6 9. Bd3 0-0-0 10. Qe2 Nh6 11. 0-0 f6 12. b4 Nf7 13. Nd1 f5 14. c3 Be7 15. Bb5 Rdg8 16. a4 Qd8 17. a5 Nb8 18. axb6 axb6 19. c4 c6 20. cxd5 exd5 21. Qc2 Qd7 22. Ra7 Kd8 23. e6 1-0

[Event "Winnipeg Boxer Memorial"]
[Site "Winnipeg"]
[Date "2012.10.20"]
[Round "2"]
[White "Baron, Cody"]
[Black "Leaden, Bruce"]
[Result "1-0"]
[WhiteElo "1746"]
[BlackElo "1567"]
[PlyCount "73"]
[EventDate "2012.10.20"]
[EventType "swiss"]
[EventRounds "5"]
[EventCountry "CAN"]
[SourceTitle "EXT 2022"]
[Source "ChessBase"]
[SourceDate "2021.10.06"]
[SourceVersion "1"]
[SourceVersionDate "2021.10.06"]
[SourceQuality "1"]

1. e4 c5 2. Nf3 g6 3. d4 cxd4 4. Nxd4 Nc6 5. Nc3 Bg7 6. Be3 Nf6 7. Qd2 0-0 8. f3 d5 9. Nxc6 bxc6 10. 0-0-0 Bb7 11. Bh6 dxe4 12. Bxg7 Qxd2+ 13. Rxd2 Kxg7 14. fxe4 Rfd8 15. Bd3 e5 16. h4 h5 17. Rf1 Ng4 18. Re2 f6 19. Na4 a5 20. Nc5 Bc8 21. Ree1 a4 22. a3 Ra5 23. b4 axb3 24. Nxb3 Rxa3 25. Kb2 Ra7 26. Ra1 Rxa1 27. Rxa1 Be6 28. Nc5 Bg8 29. Ra7+ Kh6 30. Rc7 Rb8+ 31. Kc3 Nf2 32. Rxc6 Nxd3 33. Kxd3 Rb1 34. Nd7 Rf1 35. g3 f5 36. Ke2 Ra1 37. Nxe5 1-0

[Event "Winnipeg TNT August op"]
[Site "Winnipeg"]
[Date "2012.08.21"]
[Round "3"]
[White "Baron, Cody"]
[Black "Wolchock, Theo"]
[Result "1-0"]
[WhiteElo "1539"]
[BlackElo "1708"]
[PlyCount "65"]
[EventDate "2012.08.07"]
[EventType "swiss"]
[EventRounds "4"]
[EventCountry "CAN"]
[SourceTitle "EXT 2022"]
[Source "ChessBase"]
[SourceDate "2021.10.06"]
[SourceVersion "1"]
[SourceVersionDate "2021.10.06"]
[SourceQuality "1"]

1. Nf3 e6 2. d4 Nf6 3. b3 d5 4. Bb2 Bd6 5. Nbd2 Bd7 6. e3 Nc6 7. a3 0-0 8. Bd3 Re8 9. c4 a6 10. 0-0 Na7 11. c5 Bf8 12. a4 g6 13. Ne5 Nc6 14. f4 Bg7 15. Ndf3 Rf8 16. Nxc6 Bxc6 17. Ne5 Be8 18. c6 Bxc6 19. Rc1 Bd7 20. Qc2 c6 21. Ba3 Re8 22. Rf3 Bc8 23. Rh3 Nd7 24. Qf2 Nf8 25. Ng4 Bd7 26. Qg3 e5 27. fxe5 h5 28. Rxh5 Bxg4 29. Qxg4 gxh5 30. Qxh5 Ng6 31. Rf1 Qd7 32. Rxf7 Re7 33. Bxg6 1-0

[Event "Winnipeg TNT August op"]
[Site "Winnipeg"]
[Date "2012.08.14"]
[Round "2"]
[White "Baron, Cody"]
[Black "Boron, Anthony"]
[Result "0-1"]
[WhiteElo "1539"]
[BlackElo "2039"]
[PlyCount "98"]
[EventDate "2012.08.07"]
[EventType "swiss"]
[EventRounds "4"]
[EventCountry "CAN"]
[SourceTitle "EXT 2022"]
[Source "ChessBase"]
[SourceDate "2021.10.06"]
[SourceVersion "1"]
[SourceVersionDate "2021.10.06"]
[SourceQuality "1"]

1. e4 c6 2. d4 d5 3. Nc3 dxe4 4. Nxe4 Bf5 5. Ng3 Bg6 6. Nf3 Nd7 7. h4 h6 8. h5 Bh7 9. Bd3 Bxd3 10. Qxd3 Ngf6 11. Bd2 e6 12. 0-0 Bd6 13. Ne4 Nxe4 14. Qxe4 Nf6 15. Qh4 b5 16. Rfe1 Nd5 17. Qxd8+ Rxd8 18. Ne5 Bxe5 19. Rxe5 0-0 20. c3 Nf6 21. Rae1 Rd5 22. f3 Nxh5 23. g4 Nf6 24. g5 hxg5 25. Bxg5 Nd7 26. Rxd5 cxd5 27. Kf2 f6 28. Bf4 Kf7 29. Bd6 Rh8 30. Kg2 Rc8 31. Re2 Rc6 32. Bf4 Nf8 33. a3 g5 34. Bg3 Ng6 35. Re1 Rc8 36. Rh1 Rg8 37. Rh7+ Rg7 38. Rxg7+ Kxg7 39. Bb8 Nh4+ 40. Kf2 a6 41. Bg3 Kg6 42. f4 Kf5 43. fxg5 fxg5 44. Be5 Ng6 45. Bd6 Nf4 46. Ke3 Kg4 47. Bxf4 gxf4+ 48. Kf2 f3 49. b4 Kf4 0-1

[Event "Winnipeg Yanofsky Memorial U1800"]
[Site "Winnipeg"]
[Date "2012.07.27"]
[Round "1"]
[White "Einarsson, Ken"]
[Black "Baron, Cody"]
[Result "0-1"]
[WhiteElo "1746"]
[BlackElo "1551"]
[PlyCount "82"]
[EventDate "2012.07.27"]
[EventType "swiss"]
[EventRounds "5"]
[EventCountry "CAN"]
[SourceTitle "EXT 2022"]
[Source "ChessBase"]
[SourceDate "2021.10.06"]
[SourceVersion "1"]
[SourceVersionDate "2021.10.06"]
[SourceQuality "1"]

1. d4 d5 2. c4 c6 3. Nc3 Bf5 4. Nf3 Nf6 5. Qb3 Qb6 6. Qxb6 axb6 7. Bg5 dxc4 8. Bxf6 exf6 9. e4 Bg4 10. Bxc4 b5 11. Be2 b4 12. Nd1 Bd6 13. Ne3 Bxf3 14. Bxf3 0-0 15. 0-0 Nd7 16. Nc4 Bc7 17. Rfd1 b5 18. Ne3 Nb6 19. e5 fxe5 20. Bxc6 Ra5 21. d5 Rd8 22. b3 Kf8 23. g3 g6 24. Rd2 Ke7 25. Rc1 Bd6 26. Re2 Rc8 27. Rcc2 f5 28. f4 e4 29. Rb2 Kf6 30. Rec2 Rc7 31. Kf2 h5 32. Ng2 Raa7 33. Ke3 Ra5 34. Kd4 Ke7 35. Nh4 Kf6 36. Be8 g5 37. Rxc7 Bxc7 38. fxg5+ Kxg5 39. Rc2 Bd8 40. Kc5 Na8 41. Rf2 Bb6+ 0-1

[Event "Winnipeg TNT May op"]
[Site "Winnipeg"]
[Date "2012.05.08"]
[Round "2"]
[White "Baron, Cody"]
[Black "Green, Aaron"]
[Result "0-1"]
[WhiteElo "1462"]
[BlackElo "1970"]
[PlyCount "64"]
[EventDate "2012.05.01"]
[EventType "swiss"]
[EventRounds "5"]
[EventCountry "CAN"]
[SourceTitle "EXT 2022"]
[Source "ChessBase"]
[SourceDate "2021.10.06"]
[SourceVersion "1"]
[SourceVersionDate "2021.10.06"]
[SourceQuality "1"]

1. Nf3 Nf6 2. c4 g6 3. d4 Bg7 4. Nc3 d6 5. h3 0-0 6. Bf4 c5 7. e3 Re8 8. Be2 Bf5 9. 0-0 Nc6 10. a3 Ne4 11. Nh4 Nxc3 12. bxc3 Bd7 13. Nf3 Qa5 14. Qd2 Rad8 15. Rfb1 b6 16. Rb5 Qa6 17. Rbb1 Bf5 18. Rb2 Na5 19. Nh4 Bd7 20. Bd3 e5 21. Bg3 exd4 22. cxd4 cxd4 23. c5 Qc8 24. cxb6 axb6 25. Rc1 dxe3 26. Rxc8 exd2 27. Rxd2 Bxc8 28. Bb5 Bd7 29. Bxd7 Rxd7 30. Rxd6 Rxd6 31. Bxd6 Nc4 32. Bb4 Ra8 0-1

[Event "Winnipeg TNT March op"]
[Site "Winnipeg"]
[Date "2012.03.06"]
[Round "1"]
[White "Baron, Cody"]
[Black "Reimer, Bruce"]
[Result "0-1"]
[WhiteElo "1438"]
[BlackElo "1487"]
[PlyCount "58"]
[EventDate "2012.03.06"]
[EventType "swiss"]
[EventRounds "4"]
[EventCountry "CAN"]
[SourceTitle "EXT 2022"]
[Source "ChessBase"]
[SourceDate "2021.10.06"]
[SourceVersion "1"]
[SourceVersionDate "2021.10.06"]
[SourceQuality "1"]

1. d4 Nf6 2. c4 d6 3. Nc3 g6 4. Nf3 Bg7 5. Bf4 0-0 6. h3 b6 7. e3 Bb7 8. Bd3 Nbd7 9. 0-0 Re8 10. Re1 e5 11. dxe5 dxe5 12. Bg5 e4 13. Nxe4 Bxe4 14. Bxe4 Rxe4 15. Qd3 Qe8 16. Rad1 Nc5 17. Qc2 a5 18. a3 a4 19. Rd4 Nb3 20. Bxf6 Nxd4 21. Bxd4 Bxd4 22. Nxd4 Rxd4 23. Qe2 Rd7 24. Qf3 Rad8 25. Qc6 Qe5 26. Qxa4 Qxb2 27. e4 Rd2 28. Qb4 Qxb4 29. axb4 Rd1 0-1

[Event "Winnipeg TNT February op"]
[Site "Winnipeg"]
[Date "2012.02.28"]
[Round "4"]
[White "Reimer, Bruce"]
[Black "Baron, Cody"]
[Result "0-1"]
[WhiteElo "1535"]
[BlackElo "1418"]
[PlyCount "82"]
[EventDate "2012.02.07"]
[EventType "swiss"]
[EventRounds "4"]
[EventCountry "CAN"]
[SourceTitle "EXT 2022"]
[Source "ChessBase"]
[SourceDate "2021.10.06"]
[SourceVersion "1"]
[SourceVersionDate "2021.10.06"]
[SourceQuality "1"]

1. c4 e5 2. g3 Nf6 3. Bg2 c5 4. Nc3 Nc6 5. e4 Be7 6. Nge2 0-0 7. 0-0 Rb8 8. f4 a6 9. a4 d6 10. d3 Bg4 11. h3 Bxe2 12. Nxe2 b5 13. axb5 axb5 14. b3 Qb6 15. Be3 Ra8 16. Qb1 Nb4 17. Rxa8 Rxa8 18. Nc3 Nd7 19. Nxb5 Bf6 20. Rd1 exf4 21. Bxf4 Ra1 22. Qxa1 Bxa1 23. Rxa1 h6 24. Ra8+ Kh7 25. Ra7 Ne5 26. Bxe5 dxe5 27. Rxf7 Nxd3 28. Bf1 Qg6 29. Rf3 Ne1 30. Re3 Nc2 31. Re2 Qxg3+ 32. Rg2 Qxb3 33. Nd6 Ne3 34. Rg3 Qb6 35. Nf5 Nxf5 36. exf5 Qb1 37. Kf2 Qxf5+ 38. Rf3 Qc2+ 39. Kg3 e4 40. Ra3 Qc1 41. Ra5 Qxf1 0-1

[Event "Winnipeg TNT January op"]
[Site "Winnipeg"]
[Date "2012.01.24"]
[Round "3"]
[White "Wasserman, Leor"]
[Black "Baron, Cody"]
[Result "1-0"]
[WhiteElo "1861"]
[BlackElo "1403"]
[PlyCount "41"]
[EventDate "2012.01.10"]
[EventType "swiss"]
[EventRounds "4"]
[EventCountry "CAN"]
[SourceTitle "EXT 2022"]
[Source "ChessBase"]
[SourceDate "2021.10.06"]
[SourceVersion "1"]
[SourceVersionDate "2021.10.06"]
[SourceQuality "1"]

1. e4 d5 2. exd5 Nf6 3. Nc3 Nxd5 4. Nf3 Bg4 5. Bc4 Nb6 6. Bxf7+ Kxf7 7. Ng5+ Ke8 8. Qxg4 Qd7 9. Qf3 e5 10. Nce4 Nd5 11. 0-0 h6 12. Qh5+ Kd8 13. Nf7+ Kc8 14. Nxh8 Nf4 15. Qf3 g5 16. d3 Bg7 17. Bxf4 exf4 18. Ng6 Nc6 19. Nc5 Qf5 20. Ne7+ Nxe7 21. Qxb7+ 1-0

[Event "Winnipeg TNT January op"]
[Site "Winnipeg"]
[Date "2012.01.17"]
[Round "2"]
[White "Baron, Cody"]
[Black "Reimer, Bruce"]
[Result "1-0"]
[WhiteElo "1403"]
[BlackElo "1537"]
[PlyCount "69"]
[EventDate "2012.01.10"]
[EventType "swiss"]
[EventRounds "4"]
[EventCountry "CAN"]
[SourceTitle "EXT 2022"]
[Source "ChessBase"]
[SourceDate "2021.10.06"]
[SourceVersion "1"]
[SourceVersionDate "2021.10.06"]
[SourceQuality "1"]

1. d4 Nf6 2. c4 d6 3. Nc3 g6 4. Nf3 Bg7 5. e4 0-0 6. Bf4 Bg4 7. Be2 c5 8. d5 Qa5 9. Qc2 Nbd7 10. h3 Bxf3 11. Bxf3 Nb6 12. b3 Nh5 13. Bd2 Nf6 14. Nb5 Qa6 15. Nc7 Qa3 16. Nxa8 Nxa8 17. 0-0 Nd7 18. Rae1 Ne5 19. Be2 Nc7 20. f4 Nd7 21. Bg4 Nf6 22. Bc3 Na6 23. e5 Ne8 24. Bd7 Nb4 25. Bxb4 Qxb4 26. Bxe8 Rxe8 27. exd6 Bd4+ 28. Kh1 Bf6 29. f5 Qb6 30. fxg6 hxg6 31. Rxf6 Kf8 32. d7 Qxf6 33. dxe8Q+ Kxe8 34. Qe4 Qd6 35. Qe5 1-0

[Event "Manitoba-ch U20"]
[Site "Winnipeg"]
[Date "2011.11.20"]
[Round "3"]
[White "De los Santos, Christopher"]
[Black "Baron, Cody"]
[Result "1-0"]
[WhiteElo "1913"]
[BlackElo "1352"]
[PlyCount "43"]
[EventDate "2011.11.19"]
[EventType "swiss"]
[EventRounds "4"]
[EventCountry "CAN"]
[SourceTitle "EXT 2022"]
[Source "ChessBase"]
[SourceDate "2021.10.06"]
[SourceVersion "1"]
[SourceVersionDate "2021.10.06"]
[SourceQuality "1"]

1. d4 Nf6 2. c4 g6 3. g3 Bg7 4. Bg2 d6 5. Nf3 0-0 6. 0-0 Nbd7 7. Nc3 e5 8. dxe5 dxe5 9. Qc2 c6 10. Rb1 Qc7 11. b3 Re8 12. Bb2 Nc5 13. Nd2 Qe7 14. Ba3 Nfd7 15. Nde4 Rb8 16. Na4 Bf8 17. Naxc5 Nxc5 18. Bxc5 Qe6 19. Bxa7 Ra8 20. Bc5 Bh6 21. Rbd1 Qf5 22. g4 1-0

[Event "Winnipeg Shpan Memorial"]
[Site "Winnipeg"]
[Date "2011.11.08"]
[Round "2"]
[White "Baron, Cody"]
[Black "Ford, Stephen"]
[Result "1-0"]
[WhiteElo "1352"]
[BlackElo "1645"]
[PlyCount "47"]
[EventDate "2011.11.01"]
[EventType "swiss"]
[EventRounds "6"]
[EventCountry "CAN"]
[SourceTitle "EXT 2022"]
[Source "ChessBase"]
[SourceDate "2021.10.06"]
[SourceVersion "1"]
[SourceVersionDate "2021.10.06"]
[SourceQuality "1"]

1. d4 Nf6 2. c4 e6 3. Nc3 Bb4 4. e4 Nxe4 5. Bd2 Nxd2 6. Qxd2 0-0 7. Nf3 d5 8. a3 Bxc3 9. Qxc3 b6 10. Bd3 dxc4 11. Bxc4 Bb7 12. 0-0-0 Qf6 13. Be2 c6 14. Kb1 Nd7 15. Ka1 Rac8 16. g4 c5 17. Qe3 cxd4 18. Rxd4 Nc5 19. g5 Qg6 20. Nh4 Qc2 21. Bd1 Qc1+ 22. Qxc1 Nb3+ 23. Bxb3 Rxc1+ 24. Rxc1 1-0

[Event "Winnipeg Yanofsky Memorial U1800 9th"]
[Site "Winnipeg"]
[Date "2011.08.06"]
[Round "3"]
[White "Baron, Cody"]
[Black "Trueman, Francis"]
[Result "0-1"]
[WhiteElo "1327"]
[BlackElo "1447"]
[PlyCount "168"]
[EventDate "2011.08.05"]
[EventType "swiss"]
[EventRounds "5"]
[EventCountry "CAN"]
[SourceTitle "EXT 2022"]
[Source "ChessBase"]
[SourceDate "2021.10.06"]
[SourceVersion "1"]
[SourceVersionDate "2021.10.06"]
[SourceQuality "1"]

1. e4 d6 2. d4 Nf6 3. Nc3 g6 4. Nf3 Bg7 5. Bd3 0-0 6. Be3 c6 7. Qd2 Qc7 8. 0-0 Nbd7 9. Rac1 e5 10. d5 Nc5 11. Bxc5 dxc5 12. dxc6 bxc6 13. Qg5 Ng4 14. h3 Nf6 15. Qxe5 Qa5 16. Qd6 Bb7 17. Ne5 Rac8 18. Nd7 Nxd7 19. Qxd7 Rc7 20. Qg4 Bc8 21. Qf3 Be6 22. Ra1 Rd8 23. Rfd1 Rb7 24. h4 Rxb2 25. h5 Qxc3 26. Kh1 Qe5 27. hxg6 fxg6 28. Bc4 Re8 29. Bxe6+ Qxe6 30. Rd2 Rf8 31. Qe3 Rb4 32. Re1 Bd4 33. Qd3 Bg7 34. Qd6 Qxd6 35. Rxd6 Rb2 36. e5 Rxc2 37. Rxc6 Rfxf2 38. Rc8+ Rf8 39. Rxf8+ Kxf8 40. a4 Ke7 41. e6 Rc4 42. Kh2 Rxa4 43. Kg3 c4 44. Kf3 c3 45. Ke3 Ra3 46. Kd3 Ra6 47. g4 Rxe6 48. Ra1 Rd6+ 49. Kc2 Rd2+ 50. Kc1 Rd7 51. g5 Ke6 52. Ra6+ Kf5 53. Ra5+ Ke4 54. Ra2 Kf4 55. Rg2 Rd5 56. Ra2 a5 57. Rh2 Rxg5 58. Rxh7 Bd4 59. Rh4+ Ke3 60. Rh3+ Kf2 61. Rh8 Kg3 62. Ra8 Rf5 63. Rd8 Rf1+ 64. Kc2 Bg7 65. Rg8 Rf2+ 66. Kc1 Rf7 67. Kc2 a4 68. Kb1 a3 69. Ra8 a2+ 70. Rxa2 Rf1+ 71. Kc2 Rf2+ 72. Kb3 Rxa2 73. Kxa2 g5 74. Kb3 Kf3 75. Kc2 g4 76. Kd1 g3 77. Ke1 c2 78. Kd2 g2 79. Kxc2 g1Q 80. Kb3 Qc1 81. Kb4 Ke4 82. Kb5 Kd5 83. Ka4 Qb1 84. Ka3 Kc4 0-1

[Event "Winnipeg TNT May op"]
[Site "Winnipeg"]
[Date "2011.05.31"]
[Round "5"]
[White "Baron, Cody"]
[Black "Trueman, Francis"]
[Result "0-1"]
[WhiteElo "1469"]
[BlackElo "1242"]
[PlyCount "120"]
[EventDate "2011.05.03"]
[EventType "swiss"]
[EventRounds "5"]
[EventCountry "CAN"]
[SourceTitle "EXT 2022"]
[Source "ChessBase"]
[SourceDate "2021.10.06"]
[SourceVersion "1"]
[SourceVersionDate "2021.10.06"]
[SourceQuality "1"]

1. e4 d6 2. Nc3 Nf6 3. d4 g6 4. Nf3 Bg7 5. Bd3 0-0 6. Be3 Nbd7 7. Qe2 e5 8. 0-0-0 Ng4 9. Bd2 exd4 10. Nb5 a6 11. Nbxd4 Nc5 12. h3 Nxd3+ 13. cxd3 Ne5 14. Nxe5 dxe5 15. Bb4 Qxd4 16. Bxf8 Kxf8 17. Qc2 Bd7 18. Kb1 c5 19. Rc1 b6 20. Rhf1 a5 21. Qc3 Qd6 22. Ka1 a4 23. Rfd1 Rc8 24. f3 b5 25. Qa5 Bf6 26. Qa7 Bd8 27. Qb7 Rb8 28. Qa7 Bb6 29. Qa6 Bc8 30. Qxb5 Bd7 31. Qa6 Bc6 32. Rb1 Qd4 33. a3 Qf2 34. b3 c4 35. dxc4 axb3 36. Rb2 Qc5 37. Rxb3 Qf2 38. Kb1 Bb7 39. Qxb6 Bxe4+ 40. fxe4 Rxb6 41. Rxb6 Qxb6+ 42. Ka2 Qf2+ 43. Kb1 Qxg2 44. Rd8+ Kg7 45. c5 Qxe4+ 46. Kb2 Qc4 47. Rc8 e4 48. c6 e3 49. c7 e2 50. Re8 Qxc7 51. Rxe2 f5 52. Rc2 Qf4 53. Kb3 Qf1 54. Rc7+ Kh6 55. Rc3 f4 56. a4 f3 57. a5 f2 58. Kb2 Qb5+ 59. Rb3 Qe2+ 60. Ka3 f1Q 0-1

[Event "Winnipeg TNT April op"]
[Site "Winnipeg"]
[Date "2011.04.12"]
[Round "2"]
[White "Baron, Cody"]
[Black "Reimer, Bruce"]
[Result "0-1"]
[WhiteElo "1304"]
[BlackElo "1663"]
[PlyCount "102"]
[EventDate "2011.04.05"]
[EventType "swiss"]
[EventRounds "4"]
[EventCountry "CAN"]
[SourceTitle "EXT 2022"]
[Source "ChessBase"]
[SourceDate "2021.10.06"]
[SourceVersion "1"]
[SourceVersionDate "2021.10.06"]
[SourceQuality "1"]

1. f3 e5 2. g3 d5 3. d3 Nf6 4. Bg5 h6 5. Bxf6 Qxf6 6. Bh3 Nc6 7. Bxc8 Rxc8 8. e3 Bc5 9. Qe2 0-0 10. c3 Rfe8 11. Nd2 d4 12. Ne4 Qe7 13. b4 Bb6 14. b5 Na5 15. exd4 exd4 16. c4 Qa3 17. Kf2 f5 18. Nh3 fxe4 19. fxe4 Rf8+ 20. Kg2 c6 21. Rhf1 cxb5 22. Rf2 bxc4 23. Raf1 cxd3 24. Qg4 Nc4 25. Qe6+ Kh8 26. Rxf8+ Rxf8 27. Rxf8+ Qxf8 28. Qxc4 Qg8 29. Qxg8+ Kxg8 30. Kf1 Kf7 31. Nf4 d2 32. Ke2 Ba5 33. Nd5 Ke6 34. a3 Ke5 35. Nb4 Bxb4 36. axb4 Kxe4 37. Kxd2 g5 38. g4 Kf3 39. Kd3 Kxg4 40. Kxd4 Kh3 41. Kc5 Kxh2 42. Kd6 g4 43. Kc7 g3 44. Kxb7 g2 45. Kxa7 g1Q+ 46. Ka6 Qa1+ 47. Kb5 Qa7 48. Kc4 Kg3 49. b5 Qb6 50. Kb4 Kf4 51. Kc4 Ke4 0-1